000 00580nam a22002177a 4500
003 OSt
005 20140310182439.0
008 130311t xxu||||| |||| 00| 0 eng d
020 _a9781437725551
050 _aRM 182
_b.F648 2012
100 _aFlynn, John C.
_97523
245 _aProcedures in phlebotomy /
_cJohn C. Flynn, Jr.
250 _a4th ed.
260 _aMissouri :
_bElsevier Saunders,
_cc2012.
300 _c24 cm.
_a234 p. ;
_bill. col. ;
650 _aPhlebotomy
_99716
942 _2lcc
999 _c13488
_d13488